Medardo Angel Silva juzgado por sus contemporáneos / (Record no. 4597)

000 -CABECERA
fixed length control field 00929nam a22002177a 4500
003 - IDENTIFICADOR DEL NÚMERO DE CONTROL
control field AR-CdUCM
008 - DATOS DE LONGITUD FIJA--INFORMACIÓN GENERAL
fixed length control field 190311b ||||| |||| 00| 0 spa d
040 ## - FUENTE DE LA CATALOGACIÓN
Agencia/entidad que catalogó originalmente la obra MUNICIPALIDAD PROVINCIAL DEL CUSCO
Entidad que transcribió la catalogación BIBLIOTECA MUNICIPAL DEL CUSCO
082 ## - NÚMERO DE LA CLASIFICACIÓN DECIMAL DEWEY
No. de Clasificación 869.1 /
Notacion interna SA194
100 ## - ENTRADA PRINCIPAL--NOMBRE DE PERSONA
Nombre Personal Sánchez Vinces, J. V.
245 ## - MENCIÓN DE TÍTULO
Título Medardo Angel Silva juzgado por sus contemporáneos /
260 ## - PUBLICACIÓN, DISTRIBUCIÓN, ETC.
Lugar de publicación, distribución, etc. Guayaquil :
Nombre de la editorial, distribuidor, etc. Editorial casa de la cultura ecuatoriana, núcleo de Guayas,
Fecha de publicación, distribución, etc. 1966.
300 ## - DESCRIPCIÓN FÍSICA
Nº de Páginas Extensión 132 páginas :
Dimensiones 17 cm.
505 ## - NOTA DE CONTENIDO CON FORMATO
Nota de contenido formateada Contenido: Un niño poeta, por prospero salcedo Mc Dowal -- Medardo Angel Silva, por G. Latorre -- "El árbol del bien y del mal", por Anibal Sánchez -- "María Jesús", juicio critico de J. A. Falconi Villagómez...
650 ## - PUNTO DE ACCESO ADICIONAL DE MATERIA--TÉRMINO DE MATERIA
Descriptor Literatura Ecuatoriana
9 (RLIN) 11889
650 ## - PUNTO DE ACCESO ADICIONAL DE MATERIA--TÉRMINO DE MATERIA
Descriptor Ecuador
9 (RLIN) 10121
650 ## - PUNTO DE ACCESO ADICIONAL DE MATERIA--TÉRMINO DE MATERIA
Descriptor Niño poeta
9 (RLIN) 14353
942 ## - ELEMENTOS DE PUNTO DE ACCESO ADICIONAL (KOHA)
Fuente de clasificación
Tipo de item Libros-BMC
945 ## - PROCESAMIENTO DE INFORMACIÓN LOCAL (OCLC)
Catalogador davv
Holdings
Estado de retiro (separado) Fuente de clasificación o esquema de estanterías Estado dañado Ubicación Sala donde se ubica Nombre de la colección Fecha de adquisición o compra Costo, precio normal en soles Signatura topográfica Código de Barras Última vez visto (Koha) Tipo de ítem (Koha)
No     Sala Humanidades Sala Humanidades Book Cart 2019-03-11 10.00 869.1 / SA194 SH0000004801 2019-03-11 Libros-BMC

Powered by Koha